<?xml version="1.0" encoding="UTF-8"?>
<marc:record xmlns:marc="http://www.loc.gov/MARC21/slim">
   <marc:leader>00000nam a2200000 a 4500</marc:leader>
   <marc:datafield ind1="1" ind2=" " tag="100">
      <marc:subfield code="a">Kafka, Franz</marc:subfield>
      <marc:subfield code="4">ctb</marc:subfield>
      <marc:subfield code="e">Mitwirkende/-r</marc:subfield>
   </marc:datafield>
   <marc:datafield ind1="1" ind2=" " tag="100">
      <marc:subfield code="a">Simonischek, Peter</marc:subfield>
      <marc:subfield code="4">ctb</marc:subfield>
      <marc:subfield code="e">Mitwirkende/-r</marc:subfield>
   </marc:datafield>
   <marc:datafield ind1="1" ind2=" " tag="100">
      <marc:subfield code="a">Pangritz, Jürgen</marc:subfield>
      <marc:subfield code="4">ctb</marc:subfield>
      <marc:subfield code="e">Mitwirkende/-r</marc:subfield>
   </marc:datafield>
   <marc:datafield ind1=" " ind2=" " tag="653">
      <marc:subfield code="a">Franz</marc:subfield>
   </marc:datafield>
   <marc:datafield ind1=" " ind2=" " tag="653">
      <marc:subfield code="a">Peter</marc:subfield>
   </marc:datafield>
   <marc:datafield ind1=" " ind2=" " tag="653">
      <marc:subfield code="a">CD</marc:subfield>
   </marc:datafield>
   <marc:datafield ind1="0" ind2="0" tag="245">
      <marc:subfield code="a">Peter Simonischek liest Der Verschollene</marc:subfield>
   </marc:datafield>
   <marc:datafield ind1="0" ind2="0" tag="245">
      <marc:subfield code="b">ungekürzte Lesung</marc:subfield>
   </marc:datafield>
   <marc:datafield ind1="0" ind2="0" tag="245">
      <marc:subfield code="c">Kafka. RBB 1. Regie: Jürgen Pangritz</marc:subfield>
   </marc:datafield>
   <marc:datafield ind1=" " ind2="1" tag="264">
      <marc:subfield code="a">Berlin</marc:subfield>
      <marc:subfield code="b">Universal Music Group</marc:subfield>
      <marc:subfield code="c">2008</marc:subfield>
   </marc:datafield>
   <marc:datafield ind1="1" ind2=" " tag="490">
      <marc:subfield code="a">Deutsche Grammophon : Literatur</marc:subfield>
   </marc:datafield>
   <marc:datafield ind1="1" ind2=" " tag="520">
      <marc:subfield code="a">Angaben aus der Verlagsmeldung

Der Verschollene / von Franz Kafka

Der Verschollene ist Kafkas erster Roman. Von Ende 1911 bis 1914 arbeitete er an ihm, ohne ihn zu vollenden. Im Jahre 1927 veröffentlichte Max Brod den Roman unter dem Titel Amerika.

Karl Roßmann wird von seinen Eltern als Strafe dafür, dass er sich von einem Hausmädchen hat vergewaltigen lassen, nach Amerika verschickt. Amerika ist für Karl Strafe und Chance zugleich. Der gesellschaftliche Aufstieg in der Neuen Welt misslingt jedoch. Auf der Suche nach Sinn in einer chaotischen Welt droht Karl darin unterzugehen.

Peter Simonischek, geboren am 6. August 1946 in Graz, war nach ersten Engagements in St. Gallen, Bern und Düsseldorf von 1979 bis 1999 Ensemblemitglied der Berliner Schaubühne. Seit 1999 gehört er zum Ensemble des Wiener Burgtheaters. Schon seit 1982 spielt er regelmäßig in Hauptrollen bei den Salzburger Festspielen, seit Sommer 2003 auch die Titelrolle im Jedermann. Aus Film und Fernsehen ist er als herausragender Charakterdarsteller bekannt.
</marc:subfield>
   </marc:datafield>
   <marc:datafield ind1=" " ind2=" " tag="020">
      <marc:subfield code="a">9783829120814</marc:subfield>
      <marc:subfield code="9">9783829120814</marc:subfield>
   </marc:datafield>
   <marc:datafield ind1=" " ind2=" " tag="041">
      <marc:subfield code="a">ger</marc:subfield>
   </marc:datafield>
   <marc:datafield ind1=" " ind2=" " tag="300">
      <marc:subfield code="a">8 CDs</marc:subfield>
   </marc:datafield>
</marc:record>
